Music Quiz

Random Music or Artist Quiz
Score 0/10 Timer 10:00
0 Plays Today
lyric answer % Correct
Been here along so why can't you seeYou belong with me
74.5%
You could be a sweet dreamOr a beautiful nightmare
68.4%
Somebody call 911Shawty's fire burning on the dancefloor
58%
When I say jumpYou say how high
51.2%
Russian roulette is not the same without a gunAnd baby when it's love, if it's not rough it isn't fun
26.1%
Get me out of here, 'cos my eyes are burningFrom these silly tears
12.9%
My body's aching, system overloadTemperatures rising, I'm about to explode
7.3%
We should have stayed together'Cos when you left me it stopped
4.1%
I've got my hands upSo take your aim
2.4%
I tell my good friends, get out the wayOf all the lightning hitting the trees today
2%
Remove Ads.
Support Sporcle.
Get the best of Sporcle when you Go Orange. This ad-free experience offers more features, more stats, and more fun while also helping to support Sporcle. Thank you for becoming a member.

You're not logged in!

Compare scores with friends on all Sporcle quizzes.
OR
Log In

Show Comments

Extras

Top Quizzes Today


Score Distribution

Your Account Isn't Verified!

In order to create a playlist on Sporcle, you need to verify the email address you used during registration. Go to your Sporcle Settings to finish the process.

Report this User

Report this user for behavior that violates our Community Guidelines.

Details: